Výskum trhu ako analytická metóda pre získavanie podkladov smerujúcich k zvyšovaniu spokojnosti zákazníkov diplomová práca

Salvato in:
Dettagli Bibliografici
Autore principale: Mikoláš, Vladimír
Ente Autore: Obchodná fakulta EU. Katedra služieb a cestovného ruchu - zrušené
Altri autori: Pavlík, Adrián
Natura: Libro
Lingua:slovacco
Pubblicazione: Bratislava 2008
Tags: Aggiungi Tag
Nessun Tag, puoi essere il primo ad aggiungerne!!

MARC

LEADER 00000nam$a2200000$$$4500
001 0087965
005 20240201120744.2
041 0 |a slo 
044 |a SK 
245 1 0 |a Výskum trhu ako analytická metóda pre získavanie podkladov smerujúcich k zvyšovaniu spokojnosti zákazníkov  |b diplomová práca  |c Vladimír Mikoláš ; škol. Adrián Pavlík 
264 1 |a Bratislava  |c 2008 
300 |a 71 s. 
100 1 |a Mikoláš, Vladimír 
700 1 |a Pavlík, Adrián 
710 2 |a Obchodná fakulta EU. Katedra služieb a cestovného ruchu - zrušené